[Event "Edmonton int."]
[Site "Edmonton CAN"]
[Date "2008.08.01"]
[Round "2"]
[White "Bolvary, Tamara"]
[Black "Gerzhoy, Leonid"]
[Result "0-1"]
[WhiteElo "2046"]
[BlackElo "2399"]
[PlyCount "47"]
[GameId "2160767910345061"]
[EventDate "2008.07.31"]
[EventType "swiss"]
[EventRounds "9"]
[EventCountry "CAN"]
[SourceTitle "EXT 2009"]
[Source "ChessBase"]
[SourceDate "2008.11.26"]
[SourceVersion "1"]
[SourceVersionDate "2008.11.26"]
[SourceQuality "1"]

1. e4 Nf6 2. e5 Nd5 3. d4 d6 4. c4 Nb6 5. exd6 cxd6 6. Nc3 g6 7. Be3 Bg7 8. h3 O-O 9. Nf3 Nc6 10. Rc1 d5 11. b3 dxc4 12. bxc4 Bf5 13. Be2 Na5 14. g4 Bd7 15. Ne4 Na4 16. g5 Rc8 17. Qd2 b5 18. cxb5 Rxc1+ 19. Qxc1 Qa8 20. Ned2 Qb7 21. Qa3 Bxb5 22. Bxb5 Qxb5 23. Ne5 Rc8 24. Qxe7 0-1

[Event "Edmonton int."]
[Site "Edmonton CAN"]
[Date "2008.08.01"]
[Round "2"]
[White "Ganguly, Surya Shekhar"]
[Black "Huber, Gregory"]
[Result "1-0"]
[WhiteElo "2631"]
[BlackElo "2236"]
[PlyCount "105"]
[GameId "2160767910345063"]
[EventDate "2008.07.31"]
[EventType "swiss"]
[EventRounds "9"]
[EventCountry "CAN"]
[SourceTitle "EXT 2009"]
[Source "ChessBase"]
[SourceDate "2008.11.26"]
[SourceVersion "1"]
[SourceVersionDate "2008.11.26"]
[SourceQuality "1"]

1. e4 c5 2. Nf3 d6 3. d4 cxd4 4. Nxd4 Nf6 5. Nc3 a6 6. Be2 e6 7. O-O Be7 8. f4 Nc6 9. Be3 O-O 10. a4 Qc7 11. Kh1 Re8 12. Bd3 Nxd4 13. Bxd4 e5 14. Be3 exf4 15. Bxf4 Bg4 16. Qd2 Qc5 17. Rae1 Nh5 18. Nd5 Nxf4 19. Qxf4 Be6 20. b4 Qc6 21. a5 h6 22. h4 Bf8 23. Re3 Bxd5 24. exd5 Qd7 25. Ref3 Re5 26. Qxf7+ Qxf7 27. Rxf7 Be7 28. g3 Rb8 29. Kg2 b6 30. b5 axb5 31. a6 b4 32. R7f4 Ra8 33. Rxb4 Bd8 34. Bb5 Ra7 35. Rbf4 Bf6 36. c4 Kf7 37. R4f2 Ke7 38. Ra2 Re3 39. Rf3 Re1 40. Rf1 Re3 41. Rf3 Re1 42. Rff2 Be5 43. Rae2 Rxe2 44. Rxe2 Kf6 45. Rf2+ Ke7 46. Ra2 Bd4 47. Bc6 b5 48. cxb5 Rc7 49. Rb2 Bb6 50. Re2+ Kf7 51. Be8+ Kf8 52. Bg6 Rc8 53. Rf2+ 1-0

[Event "Edmonton int."]
[Site "Edmonton CAN"]
[Date "2008.08.01"]
[Round "2"]
[White "Haessel, Dale"]
[Black "Friedel, Joshua E"]
[Result "0-1"]
[WhiteElo "2149"]
[BlackElo "2524"]
[PlyCount "62"]
[GameId "2160767910345065"]
[EventDate "2008.07.31"]
[EventType "swiss"]
[EventRounds "9"]
[EventCountry "CAN"]
[SourceTitle "EXT 2009"]
[Source "ChessBase"]
[SourceDate "2008.11.26"]
[SourceVersion "1"]
[SourceVersionDate "2008.11.26"]
[SourceQuality "1"]

1. d4 Nf6 2. c4 c5 3. d5 b5 4. cxb5 a6 5. bxa6 g6 6. Nc3 Bxa6 7. e4 Bxf1 8. Kxf1 d6 9. g3 Bg7 10. Nf3 O-O 11. Kg2 Nbd7 12. Re1 Ra6 13. Qc2 Qa8 14. b3 e6 15. dxe6 fxe6 16. Bb2 d5 17. exd5 Nxd5 18. Nxd5 Qxd5 19. Re3 Bd4 20. Bxd4 cxd4 21. Rd1 e5 22. Qe4 Qf7 23. Re2 Nc5 24. Nxe5 Nxe4 25. Nxf7 Nc3 26. Nh6+ Kg7 27. Re7+ Kxh6 28. Rxd4 Rxa2 29. Rh4+ Kg5 30. Rhxh7 Raxf2+ 31. Kh3 Ne2 0-1

[Event "Edmonton int."]
[Site "Edmonton CAN"]
[Date "2008.08.01"]
[Round "2"]
[White "Hungaski, Robert Andrew"]
[Black "Gicev, Blagoja"]
[Result "1/2-1/2"]
[WhiteElo "2407"]
[BlackElo "2312"]
[PlyCount "128"]
[GameId "2160767910345067"]
[EventDate "2008.07.31"]
[EventType "swiss"]
[EventRounds "9"]
[EventCountry "CAN"]
[SourceTitle "CBM 125 Extra"]
[Source "ChessBase"]
[SourceDate "2008.09.01"]
[SourceVersion "1"]
[SourceVersionDate "2008.09.01"]
[SourceQuality "1"]

1. Nf3 Nf6 2. c4 g6 3. Nc3 Bg7 4. e4 d6 5. d4 O-O 6. Be2 e5 7. Be3 Ng4 8. Bg5 f6 9. Bh4 Nc6 10. d5 Ne7 11. Nd2 Nh6 12. f3 c5 13. a3 f5 14. Rb1 Bf6 15. Bf2 Nf7 16. b4 b6 17. Nb3 Bg5 18. Nc1 Bxc1 19. Qxc1 f4 20. g4 h5 21. gxh5 gxh5 22. Rg1+ Kh7 23. Bh4 Qd7 24. Kd2 Ng6 25. Bf6 Qh3 26. Qf1 Qxf1 27. Rbxf1 Bh3 28. Rb1 Nh6 29. Bg5 Rf7 30. Nd1 Rg8 31. Nf2 Bc8 32. h4 Rc7 33. Rh1 Kg7 34. Rbg1 Nf7 35. Rg2 Nxg5 36. hxg5 Rh8 37. Rgh2 h4 38. b5 Rh5 39. Rg1 a6 40. Kc3 Ra7 41. Kb3 Bd7 42. a4 Rh8 43. Nd1 Kf7 44. Bf1 a5 45. Nf2 Rh5 46. Bh3 Bxh3 47. Nxh3 Ra8 48. Kc3 Rg8 49. Kd2 Nf8 50. Rg4 Ng6 51. Ke2 Rgh8 52. Rg1 Kg7 53. Kf1 R8h7 54. Rg4 Rh8 55. Kg2 Nf8 56. Kh1 Ng6 57. Rhg2 Kf7 58. Kh2 Kg7 59. Rg1 Kf7 60. Rb1 Kg7 61. Rgg1 Nf8 62. Rb2 Ng6 63. Rd2 R8h7 64. Rg4 Rh8 1/2-1/2

[Event "Edmonton int."]
[Site "Edmonton CAN"]
[Date "2008.08.01"]
[Round "2"]
[White "Reeve, Jeff"]
[Black "Hughey, Micah"]
[Result "1-0"]
[WhiteElo "2243"]
[BlackElo "2011"]
[PlyCount "43"]
[GameId "2160767910345071"]
[EventDate "2008.07.31"]
[EventType "swiss"]
[EventRounds "9"]
[EventCountry "CAN"]
[SourceTitle "EXT 2009"]
[Source "ChessBase"]
[SourceDate "2008.11.26"]
[SourceVersion "1"]
[SourceVersionDate "2008.11.26"]
[SourceQuality "1"]

1. e4 e5 2. Bc4 Nc6 3. c3 Nf6 4. Qe2 Bc5 5. Nf3 O-O 6. d3 d5 7. Bb3 h6 8. Nbd2 Be6 9. h3 Qe7 10. g4 dxe4 11. dxe4 Nd7 12. Nf1 Rfd8 13. Ng3 Qe8 14. Nf5 Kh7 15. h4 Bf8 16. Ng5+ hxg5 17. hxg5+ Kg8 18. Qf3 Bxb3 19. Qh3 f6 20. Qh8+ Kf7 21. g6+ Ke6 22. Qg8+ 1-0

[Event "Edmonton int."]
[Site "Edmonton CAN"]
[Date "2008.08.01"]
[Round "3"]
[White "Bolvary, Tamara"]
[Black "Pechenkin, Vladimir"]
[Result "0-1"]
[WhiteElo "2046"]
[BlackElo "2281"]
[PlyCount "86"]
[GameId "2160767910345072"]
[EventDate "2008.07.31"]
[EventType "swiss"]
[EventRounds "9"]
[EventCountry "CAN"]

1. c4 e5 2. g3 Nf6 3. Bg2 c6 4. d4 d6 5. Nc3 Nbd7 6. e4 Be7 7. Nge2 O-O 8. O-O a6 9. a4 a5 10. b3 Re8 11. Ba3 exd4 12. Qxd4 Nc5 13. Bxc5 dxc5 14. Qxd8 Bxd8 15. h3 Nd7 16. f4 Nf8 17. Rad1 f6 18. Kh2 Ne6 19. f5 Ng5 20. h4 Nf7 21. Nf4 Ne5 22. Bf3 Bc7 23. Kg2 g6 24. fxg6 hxg6 25. Nd3 Nxd3 26. Rxd3 Be6 27. Rfd1 Be5 28. Ne2 g5 29. g4 gxh4 30. Kh3 Kf7 31. R1d2 Ke7 32. Rd1 Rg8 33. Rg1 Rg7 34. Rd2 Rag8 35. Rdd1 Rb8 36. Rd2 b5 37. Rgd1 bxa4 38. bxa4 Rb3 39. Rd3 Rxd3 40. Rxd3 Bxc4 41. Rd1 Bb3 42. Rc1 c4 43. Nc3 Kd6 0-1

[Event "Edmonton int."]
[Site "Edmonton CAN"]
[Date "2008.08.01"]
[Round "3"]
[White "Cheng, Bindi"]
[Black "Ganguly, Surya Shekhar"]
[Result "0-1"]
[WhiteElo "2333"]
[BlackElo "2631"]
[PlyCount "80"]
[GameId "2160767910345073"]
[EventDate "2008.07.31"]
[EventType "swiss"]
[EventRounds "9"]
[EventCountry "CAN"]
[SourceTitle "CBM 125 Extra"]
[Source "ChessBase"]
[SourceDate "2008.09.01"]
[SourceVersion "1"]
[SourceVersionDate "2008.09.01"]
[SourceQuality "1"]

1. d4 Nf6 2. Nf3 g6 3. Bg5 Ne4 4. Bf4 Bg7 5. e3 c5 6. c3 Qb6 7. Qb3 Qxb3 8. axb3 cxd4 9. cxd4 Nc6 10. Ra4 d5 11. Nc3 Nxc3 12. bxc3 O-O 13. Bb5 Bd7 14. Ra3 a6 15. Bd3 Rac8 16. h3 Nb4 17. Kd2 Nxd3 18. Kxd3 f6 19. Ra2 Rfe8 20. Kd2 h6 21. Bg3 e5 22. Rc1 g5 23. Ra5 Bb5 24. Ra2 Rc6 25. Ne1 e4 26. Nc2 Bf8 27. Nb4 Bxb4 28. cxb4 Rxc1 29. Kxc1 Rc8+ 30. Kd2 Bf1 31. b5 Bxb5 32. f3 Bf1 33. fxe4 Bxg2 34. exd5 Bxd5 35. Ra3 Be4 36. Ra2 Kf7 37. b4 Ke6 38. Rb2 h5 39. b5 h4 40. Bh2 axb5 0-1

[Event "Edmonton int."]
[Site "Edmonton CAN"]
[Date "2008.08.01"]
[Round "3"]
[White "Friedel, Joshua E"]
[Black "Panjwani, Raja"]
[Result "1/2-1/2"]
[WhiteElo "2524"]
[BlackElo "2310"]
[PlyCount "117"]
[GameId "2160767910345074"]
[EventDate "2008.07.31"]
[EventType "swiss"]
[EventRounds "9"]
[EventCountry "CAN"]
[SourceTitle "CBM 125 Extra"]
[Source "ChessBase"]
[SourceDate "2008.09.01"]
[SourceVersion "1"]
[SourceVersionDate "2008.09.01"]
[SourceQuality "1"]

1. e4 e5 2. Nf3 Nc6 3. Bb5 Nf6 4. O-O Nxe4 5. d4 Nd6 6. Bxc6 dxc6 7. dxe5 Nf5 8. Qxd8+ Kxd8 9. Nc3 Bd7 10. b3 h6 11. Bb2 Kc8 12. Rad1 b6 13. Rd3 Ne7 14. Rfd1 Bf5 15. Rd8+ Kb7 16. Rxa8 Kxa8 17. Nd4 Bg4 18. f3 Bc8 19. Ne4 Kb7 20. c4 c5 21. Nc2 Ng6 22. g3 Be7 23. Ne3 Re8 24. Kf2 Bf8 25. f4 Ne7 26. Kf3 Nc6 27. Bc3 a5 28. a4 Kb8 29. f5 Kb7 30. Kf4 g5+ 31. Kf3 Bg7 32. f6 Bf8 33. h4 gxh4 34. gxh4 Nd4+ 35. Bxd4 cxd4 36. Rxd4 Rxe5 37. Rd8 Ba3 38. Rd5 Re8 39. Nf5 Be6 40. Ng7 Bxd5 41. Nxe8 Bc6 42. Ng7 Bb2 43. Kf4 Bxe4 44. Kxe4 Bxf6 45. Nf5 h5 46. Kd5 Bd8 47. c5 bxc5 48. Kxc5 Bf6 49. Kb5 c6+ 50. Kc5 Kc7 51. b4 axb4 52. Kxb4 Kb6 53. a5+ Ka6 54. Kc5 Kxa5 55. Kxc6 Kb4 56. Kd5 Kc3 57. Ke4 Kd2 58. Ng3 Bxh4 59. Nxh5 1/2-1/2

[Event "Edmonton int."]
[Site "Edmonton CAN"]
[Date "2008.08.01"]
[Round "3"]
[White "Gardner, Robert"]
[Black "Peter, Steven"]
[Result "1-0"]
[WhiteElo "2185"]
[BlackElo "2303"]
[PlyCount "101"]
[GameId "2160767910345075"]
[EventDate "2008.07.31"]
[EventType "swiss"]
[EventRounds "9"]
[EventCountry "CAN"]

1. f4 d5 2. Nf3 g6 3. e3 Bg7 4. Be2 Nh6 5. d4 O-O 6. O-O Qd6 7. c4 dxc4 8. Bxc4 c5 9. d5 Nd7 10. a4 Nf6 11. Nc3 Bf5 12. Ng5 Bg4 13. Qb3 Qb6 14. Qxb6 axb6 15. e4 Ne8 16. e5 Kh8 17. h3 f6 18. Nge4 Bf5 19. d6 exd6 20. Nxd6 Nxd6 21. exd6 Nf7 22. Rd1 Rad8 23. Nb5 Bd7 24. Nc7 f5 25. Be3 Bxb2 26. Ra2 Bc3 27. Rd3 Ba5 28. Bc1 h6 29. Bb2+ Kh7 30. Bf6 Rc8 31. Be7 Kg7 32. Ne6+ Bxe6 33. Bxe6 Rcd8 34. Bxf8+ Kxf8 35. Bxf7 Kxf7 36. d7 c4 37. Rd1 c3 38. Kf2 Bb4 39. Kf3 Be7 40. Re2 Bf6 41. Rd5 h5 42. Kf2 Bh4+ 43. g3 Be7 44. Ke3 h4 45. gxh4 Bxh4 46. Kd3 Bf6 47. Kc4 Ra8 48. Kb3 Rh8 49. Rd3 b5 50. axb5 b6 51. Rd6 1-0

[Event "Edmonton int."]
[Site "Edmonton CAN"]
[Date "2008.08.01"]
[Round "3"]
[White "Gerzhoy, Leonid"]
[Black "Huber, Gregory"]
[Result "1-0"]
[WhiteElo "2399"]
[BlackElo "2236"]
[PlyCount "81"]
[GameId "2160767910345076"]
[EventDate "2008.07.31"]
[EventType "swiss"]
[EventRounds "9"]
[EventCountry "CAN"]
[SourceTitle "CBM 125 Extra"]
[Source "ChessBase"]
[SourceDate "2008.09.01"]
[SourceVersion "1"]
[SourceVersionDate "2008.09.01"]
[SourceQuality "1"]

1. e4 c5 2. c3 Nf6 3. e5 Nd5 4. g3 d6 5. exd6 e6 6. Bg2 Bxd6 7. Ne2 O-O 8. O-O Nc6 9. Na3 a6 10. Nc4 Bc7 11. d4 cxd4 12. Nxd4 Bd7 13. Ne3 Nde7 14. b3 Nxd4 15. Qxd4 Bc6 16. Ba3 Qxd4 17. cxd4 Bxg2 18. Kxg2 Rfe8 19. Rac1 Bb6 20. Bc5 Bxc5 21. dxc5 Rac8 22. b4 Red8 23. Rfd1 Kf8 24. a4 Nd5 25. Nxd5 Rxd5 26. Rxd5 exd5 27. Kf3 Re8 28. b5 axb5 29. axb5 d4 30. b6 d3 31. Rd1 Re5 32. Rxd3 Rxc5 33. Rd7 Rc2 34. Rxb7 Rb2 35. h4 g6 36. Ke4 Rxf2 37. Rc7 Rb2 38. b7 Kg7 39. Kd5 Kf6 40. Kc6 Ke6 41. Rc8 1-0

[Event "Edmonton int."]
[Site "Edmonton CAN"]
[Date "2008.08.01"]
[Round "3"]
[White "Gicev, Blagoja"]
[Black "Bluvshtein, Mark"]
[Result "1/2-1/2"]
[WhiteElo "2312"]
[BlackElo "2548"]
[PlyCount "104"]
[GameId "2160767910345077"]
[EventDate "2008.07.31"]
[EventType "swiss"]
[EventRounds "9"]
[EventCountry "CAN"]
[SourceTitle "CBM 125 Extra"]
[Source "ChessBase"]
[SourceDate "2008.09.01"]
[SourceVersion "1"]
[SourceVersionDate "2008.09.01"]
[SourceQuality "1"]

1. e4 c5 2. Nf3 d6 3. d4 cxd4 4. Nxd4 Nf6 5. Nc3 a6 6. Bg5 e6 7. f4 Be7 8. Qf3 Qc7 9. O-O-O Nbd7 10. Bd3 h6 11. Bh4 g5 12. fxg5 Ne5 13. Qe2 Nfg4 14. h3 hxg5 15. Bg3 Nf6 16. Rhf1 Bd7 17. Nf3 Nh5 18. Bh2 Ng6 19. Qd2 Nhf4 20. Kb1 O-O-O 21. Ne2 e5 22. Nc3 Kb8 23. Bg1 b5 24. Be3 Qb7 25. g3 Nxd3 26. cxd3 Bxh3 27. Nxg5 Bxf1 28. Rxf1 Bxg5 29. Bxg5 Rc8 30. Nd5 f5 31. a3 fxe4 32. dxe4 Rc4 33. Rf6 Rxe4 34. Rxd6 Rd4 35. Qa5 Rxd5 36. Rb6 Rd6 37. Rxb7+ Kxb7 38. Qc3 Rc6 39. Qf3 Rf8 40. Qd5 Kc7 41. Bd2 Rc8 42. Ba5+ Kb8 43. Bc3 Kb7 44. g4 R8c7 45. Ba5 Re7 46. Bd8 Nf4 47. Qe4 Rd7 48. Ba5 Rd1+ 49. Ka2 Nd3 50. Qf3 Nc1+ 51. Kb1 Ne2+ 52. Ka2 Nc1+ 1/2-1/2

[Event "Edmonton int."]
[Site "Edmonton CAN"]
[Date "2008.08.01"]
[Round "3"]
[White "Hughey, Micah"]
[Black "Haynes, Nicolas"]
[Result "1-0"]
[WhiteElo "2011"]
[BlackElo "2175"]
[PlyCount "81"]
[GameId "2160767910345078"]
[EventDate "2008.07.31"]
[EventType "swiss"]
[EventRounds "9"]
[EventCountry "CAN"]
[SourceTitle "CBM 125 Extra"]
[Source "ChessBase"]
[SourceDate "2008.09.01"]
[SourceVersion "1"]
[SourceVersionDate "2008.09.01"]
[SourceQuality "1"]

1. e4 e5 2. Nf3 Nf6 3. Bc4 Nxe4 4. Nc3 Nc6 5. Nxe4 d5 6. Bd3 dxe4 7. Bxe4 Bd6 8. d4 exd4 9. Nxd4 O-O 10. Nxc6 bxc6 11. Bxc6 Ba6 12. Bxa8 Qxa8 13. Qf3 Qb8 14. Qb3 Bb4+ 15. c3 Qb5 16. Qc2 Bc5 17. Be3 Bxe3 18. fxe3 Rd8 19. Rd1 Re8 20. Kf2 Bb7 21. Rhe1 Be4 22. Qd2 Qg5 23. Kg1 h5 24. Qf2 Re6 25. Qg3 Qe7 26. Rd2 h4 27. Qg4 Rg6 28. Qc8+ Kh7 29. Ree2 Rg5 30. Qh3 Kg8 31. Rd7 Qf6 32. Red2 Rf5 33. g3 g5 34. R7d4 Qe5 35. Qg4 Bf3 36. Qh3 Qxe3+ 37. Rf2 Be4 38. Rdd2 Bd3 39. Qg4 Kg7 40. Qd4+ Qxd4 41. cxd4 1-0

[Event "Edmonton int."]
[Site "Edmonton CAN"]
[Date "2008.08.01"]
[Round "3"]
[White "Kraai, Jesse"]
[Black "Reeve, Jeff"]
[Result "1-0"]
[WhiteElo "2513"]
[BlackElo "2243"]
[PlyCount "53"]
[GameId "2160767910345079"]
[EventDate "2008.07.31"]
[EventType "swiss"]
[EventRounds "9"]
[EventCountry "CAN"]
[SourceTitle "CBM 125 Extra"]
[Source "ChessBase"]
[SourceDate "2008.09.01"]
[SourceVersion "1"]
[SourceVersionDate "2008.09.01"]
[SourceQuality "1"]

1. Nf3 c5 2. c4 Nc6 3. Nc3 g6 4. e3 Bg7 5. d4 d6 6. Be2 Bg4 7. O-O Nh6 8. d5 Nb8 9. e4 O-O 10. Be3 f6 11. Qd2 Nf7 12. Ng5 fxg5 13. Bxg4 h6 14. Be6 Kh7 15. h4 Ne5 16. Qe2 Bf6 17. hxg5 hxg5 18. g3 Kg7 19. f4 gxf4 20. gxf4 Nf7 21. Rf2 Rh8 22. Bxf7 Kxf7 23. e5 Bh4 24. Rg2 Qg8 25. Qg4 Qh7 26. Ne4 g5 27. fxg5 1-0

[Event "Edmonton int."]
[Site "Edmonton CAN"]
[Date "2008.08.01"]
[Round "3"]
[White "Thavandiran, Shiyam"]
[Black "Vicary, Elizabeth"]
[Result "0-1"]
[WhiteElo "2288"]
[BlackElo "2145"]
[PlyCount "68"]
[GameId "2160767910345083"]
[EventDate "2008.07.31"]
[EventType "swiss"]
[EventRounds "9"]
[EventCountry "CAN"]
[SourceTitle "CBM 125 Extra"]
[Source "ChessBase"]
[SourceDate "2008.09.01"]
[SourceVersion "1"]
[SourceVersionDate "2008.09.01"]
[SourceQuality "1"]

1. e4 c5 2. Nc3 Nc6 3. Bb5 e6 4. Bxc6 bxc6 5. f4 Ne7 6. Nf3 Ng6 7. f5 Nh4 8. O-O Bd6 9. d3 O-O 10. Ng5 h6 11. Qh5 Nxf5 12. exf5 hxg5 13. Ne4 Be7 14. f6 gxf6 15. Rf3 Kg7 16. Rxf6 Bxf6 17. Bxg5 Bxg5 18. Nxg5 f5 19. Qh7+ Kf6 20. Ne4+ fxe4 21. Rf1+ Ke5 22. Qg7+ Kd6 23. Rxf8 Qh4 24. dxe4 Qxe4 25. Qg3+ Qe5 26. Rf4 Ba6 27. b4 Rg8 28. bxc5+ Kc7 29. Rg4 Qxg3 30. Rxg3 Rxg3 31. hxg3 d5 32. cxd6+ Kxd6 33. Kf2 Ke5 34. Ke3 Bf1 0-1

[Event "Edmonton int."]
[Site "Edmonton CAN"]
[Date "2008.08.02"]
[Round "4"]
[White "Ganguly, Surya Shekhar"]
[Black "Friedel, Joshua E"]
[Result "1/2-1/2"]
[WhiteElo "2631"]
[BlackElo "2524"]
[PlyCount "66"]
[GameId "2160767910345085"]
[EventDate "2008.07.31"]
[EventType "swiss"]
[EventRounds "9"]
[EventCountry "CAN"]
[SourceTitle "CBM 125 Extra"]
[Source "ChessBase"]
[SourceDate "2008.09.01"]
[SourceVersion "1"]
[SourceVersionDate "2008.09.01"]
[SourceQuality "1"]

1. e4 e5 2. Nf3 Nc6 3. Bb5 a6 4. Ba4 Nf6 5. O-O Be7 6. Re1 d6 7. c3 Bg4 8. d4 b5 9. Bb3 Bxf3 10. gxf3 Na5 11. Bc2 Nh5 12. f4 Nxf4 13. Bxf4 exf4 14. Qg4 O-O 15. Nd2 c5 16. Nf3 cxd4 17. cxd4 Qc8 18. Qxc8 Rfxc8 19. Bd3 Rc7 20. Rec1 Rac8 21. Rxc7 Rxc7 22. a4 Nb3 23. Ra3 bxa4 24. Rxa4 g5 25. h3 h5 26. Bc4 g4 27. hxg4 hxg4 28. Bxb3 gxf3 29. Bc4 Bh4 30. b3 Re7 31. Bd5 Rc7 32. Rc4 Rxc4 33. Bxc4 a5 1/2-1/2

[Event "Edmonton int."]
[Site "Edmonton CAN"]
[Date "2008.08.02"]
[Round "4"]
[White "Huber, Gregory"]
[Black "Cheng, Bindi"]
[Result "1/2-1/2"]
[WhiteElo "2236"]
[BlackElo "2333"]
[PlyCount "93"]
[GameId "2160767910345086"]
[EventDate "2008.07.31"]
[EventType "swiss"]
[EventRounds "9"]
[EventCountry "CAN"]
[SourceTitle "CBM 125 Extra"]
[Source "ChessBase"]
[SourceDate "2008.09.01"]
[SourceVersion "1"]
[SourceVersionDate "2008.09.01"]
[SourceQuality "1"]

1. c4 c6 2. g3 d5 3. Bg2 Nf6 4. Nf3 Bf5 5. cxd5 cxd5 6. Qb3 Qc8 7. Nc3 e6 8. d3 Nc6 9. Bf4 Be7 10. Nb5 Bb4+ 11. Kd1 O-O 12. Rc1 Qd7 13. Nbd4 Bd6 14. Bxd6 Qxd6 15. Nxc6 bxc6 16. Nd4 Bg6 17. Rxc6 Qd7 18. f4 Ng4 19. Kd2 Rab8 20. Qc3 e5 21. fxe5 Qe7 22. Nf3 Rfd8 23. b3 Qa3 24. Ra1 d4 25. Nxd4 Qe7 26. Nf3 Be4 27. Rc7 Qe6 28. Ng5 Qh6 29. Bxe4 Qxg5+ 30. Kc2 a5 31. a4 Qe3 32. Re1 Nf2 33. Qc4 Kh8 34. Qxf7 Rg8 35. Bxh7 Kxh7 36. Qh5+ Qh6 37. Qf5+ Kh8 38. Qxf2 Rgc8 39. Qc5 Qe6 40. Kd2 Rxc7 41. Qxc7 Rc8 42. Qxa5 Qh6+ 43. e3 Qc6 44. e4 Qh6+ 45. Re3 Qxh2+ 46. Re2 Qg1 47. Re1 1/2-1/2

[Event "Edmonton int."]
[Site "Edmonton CAN"]
[Date "2008.08.02"]
[Round "4"]
[White "Hungaski, Robert Andrew"]
[Black "Porper, Edward"]
[Result "1-0"]
[WhiteElo "2407"]
[BlackElo "2476"]
[PlyCount "81"]
[GameId "2160767910345087"]
[EventDate "2008.07.31"]
[EventType "swiss"]
[EventRounds "9"]
[EventCountry "CAN"]
[SourceTitle "CBM 125 Extra"]
[Source "ChessBase"]
[SourceDate "2008.09.01"]
[SourceVersion "1"]
[SourceVersionDate "2008.09.01"]
[SourceQuality "1"]

1. Nf3 d5 2. d4 c6 3. c4 Nf6 4. Nc3 dxc4 5. e3 b5 6. a4 Qb6 7. axb5 cxb5 8. b3 e6 9. bxc4 bxc4 10. Ne5 Bb4 11. Bd2 O-O 12. Nxc4 Qd8 13. Be2 Bb7 14. O-O a5 15. Na4 Nc6 16. Bf3 Nd5 17. Bxb4 axb4 18. Nc5 Qc7 19. Qb3 Rfb8 20. Bxd5 exd5 21. Nb2 Na5 22. Qxb4 Bc8 23. Qc3 Bf5 24. Ra3 Rb5 25. Rfa1 h6 26. Nd1 Kh7 27. f3 Ra7 28. Qe1 Nc6 29. Rxa7 Nxa7 30. Nc3 Rb2 31. Nxd5 Qd8 32. Nf4 Nb5 33. Ncd3 Rc2 34. Nf2 Qc7 35. Ne2 Qc4 36. Ng3 Bg6 37. h4 Nc3 38. Rc1 Nd5 39. Rxc2 Qxc2 40. Nf1 Bd3 41. Qd2 1-0

[Event "Edmonton int."]
[Site "Edmonton CAN"]
[Date "2008.08.02"]
[Round "4"]
[White "Kraai, Jesse"]
[Black "Shabalov, Alexander"]
[Result "0-1"]
[WhiteElo "2513"]
[BlackElo "2611"]
[PlyCount "132"]
[GameId "2160767910345088"]
[EventDate "2008.07.31"]
[EventType "swiss"]
[EventRounds "9"]
[EventCountry "CAN"]
[SourceTitle "CBM 125 Extra"]
[Source "ChessBase"]
[SourceDate "2008.09.01"]
[SourceVersion "1"]
[SourceVersionDate "2008.09.01"]
[SourceQuality "1"]

1. Nf3 d5 2. d4 c6 3. c4 e6 4. e3 Bd6 5. Bd3 f5 6. cxd5 exd5 7. Qc2 Nh6 8. O-O O-O 9. Ne5 Be6 10. f4 Nd7 11. Nd2 Rc8 12. Ndf3 c5 13. Qe2 Nxe5 14. fxe5 Be7 15. Bd2 c4 16. Bc2 g5 17. Kh1 Qe8 18. Ng1 Qg6 19. a3 Rf7 20. Bb4 Bd8 21. g3 Qg7 22. Qg2 a5 23. Bd6 b5 24. Ne2 Ng4 25. Rf3 Bc7 26. Bxc7 Rfxc7 27. h3 Nh6 28. h4 Kh8 29. hxg5 Qxg5 30. Nf4 Bg8 31. Nh3 Qg7 32. Nf4 b4 33. axb4 axb4 34. Rf2 b3 35. Bd1 c3 36. Bxb3 Ng4 37. bxc3 Qh6+ 38. Kg1 Rxc3 39. Bd1 Nxe3 40. Qh2 Qg5 41. Be2 Rc1+ 42. Rxc1 Rxc1+ 43. Bf1 Ng4 44. Qh4 Qxh4 45. gxh4 Rd1 46. Ne2 Nxf2 47. Kxf2 Rd3 48. Bg2 Bf7 49. Bf3 Kg7 50. Ng3 Kf8 51. Ne2 Ke7 52. Ng3 Kd7 53. Nxf5 Be6 54. Bg4 h5 55. Be2 Bxf5 56. Bxd3 Bxd3 57. Ke3 Bf5 58. Kf4 Ke6 59. Kg5 Bg4 60. Kg6 Bd1 61. Kg5 Kf7 62. Kf5 Bg4+ 63. Kg5 Kg7 64. e6 Bxe6 65. Kxh5 Kf6 66. Kh6 Bg4 0-1

[Event "Edmonton int."]
[Site "Edmonton CAN"]
[Date "2008.08.02"]
[Round "4"]
[White "Panjwani, Raja"]
[Black "Moiseenko, Alexander"]
[Result "0-1"]
[WhiteElo "2310"]
[BlackElo "2632"]
[PlyCount "86"]
[GameId "2160767910345089"]
[EventDate "2008.07.31"]
[EventType "swiss"]
[EventRounds "9"]
[EventCountry "CAN"]
[SourceTitle "CBM 125 Extra"]
[Source "ChessBase"]
[SourceDate "2008.09.01"]
[SourceVersion "1"]
[SourceVersionDate "2008.09.01"]
[SourceQuality "1"]

1. e4 c5 2. Nf3 Nc6 3. Bb5 e6 4. O-O Nge7 5. Re1 Ng6 6. c3 d5 7. Qa4 Be7 8. d4 O-O 9. dxc5 Bxc5 10. Be3 Bxe3 11. Rxe3 dxe4 12. Qxe4 Qb6 13. Na3 a6 14. Bxc6 Qxb2 15. Rb1 Qxa3 16. Bxb7 Rb8 17. Bc6 Rb2 18. Rxb2 Qxb2 19. Qb4 Qxa2 20. h4 a5 21. Qd6 Qb1+ 22. Re1 Qb6 23. h5 Rd8 24. Qa3 Qxc6 25. hxg6 hxg6 26. Qxa5 Rd3 27. Qg5 Rd5 28. Re5 Bb7 29. Rxd5 Qxd5 30. Qxd5 Bxd5 31. Ne5 g5 32. c4 Ba8 33. c5 f6 34. Nc4 Kf7 35. Kf1 Bc6 36. Na5 Bd5 37. g3 e5 38. Ke2 Ke6 39. Kd3 f5 40. Nc4 e4+ 41. Kd4 Bxc4 42. Kxc4 g4 43. Kd4 g6 0-1

[Event "Edmonton int."]
[Site "Edmonton CAN"]
[Date "2008.08.02"]
[Round "4"]
[White "Pechenkin, Vladimir"]
[Black "Gardner, Robert"]
[Result "1-0"]
[WhiteElo "2281"]
[BlackElo "2185"]
[PlyCount "61"]
[GameId "2160767910345090"]
[EventDate "2008.07.31"]
[EventType "swiss"]
[EventRounds "9"]
[EventCountry "CAN"]

1. f4 d6 2. Nf3 Bg4 3. e4 Nc6 4. Bb5 Qd7 5. h3 Bxf3 6. Qxf3 a6 7. Ba4 b5 8. Bb3 e5 9. c3 Nf6 10. O-O Be7 11. d4 O-O 12. Be3 exd4 13. cxd4 Na5 14. Bc2 Nc4 15. Bc1 Rfe8 16. b3 Nb6 17. Bb2 a5 18. Qd3 g6 19. Nd2 c5 20. f5 c4 21. bxc4 bxc4 22. Nxc4 Nxc4 23. Qxc4 d5 24. exd5 Qxd5 25. Qxd5 Nxd5 26. fxg6 hxg6 27. Bb3 Red8 28. Rae1 Kf8 29. Re5 Nf6 30. Rxe7 Kxe7 31. Ba3+ 1-0

[Event "Edmonton int."]
[Site "Edmonton CAN"]
[Date "2008.08.02"]
[Round "4"]
[White "Peter, Steven"]
[Black "Bolvary, Tamara"]
[Result "1-0"]
[WhiteElo "2303"]
[BlackElo "2046"]
[PlyCount "81"]
[GameId "2160767910345091"]
[EventDate "2008.07.31"]
[EventType "swiss"]
[EventRounds "9"]
[EventCountry "CAN"]

1. d4 d5 2. c4 c6 3. Nf3 Nf6 4. e3 a6 5. Nbd2 b5 6. b3 Nbd7 7. Bd3 e6 8. O-O Bb7 9. Qe2 Be7 10. Rd1 Qb8 11. a4 b4 12. Bb2 a5 13. e4 dxe4 14. Nxe4 Nxe4 15. Bxe4 Nf6 16. Bc2 O-O 17. Ne5 Qc7 18. Rd3 c5 19. Rh3 g6 20. dxc5 Rad8 21. Qe3 Qxc5 22. Qh6 Rd4 23. Re1 Rfd8 24. Bxd4 Qxd4 25. Rd3 Qb2 26. Rxd8+ Bxd8 27. Qc1 Qc3 28. Re3 Qd4 29. Qd1 Qb6 30. Nd7 Qc7 31. Nxf6+ Bxf6 32. Be4 Bc8 33. Bf3 Qf4 34. g3 Qc7 35. Rd3 e5 36. Rd6 Qe7 37. Be4 Bh3 38. Rb6 Bg5 39. Qd6 Qa7 40. Rb8+ Kg7 41. Qf8+ 1-0